L'uomo in affitto

Spremljeno u:
Bibliografski detalji
Glavni autor: Indiana Gary
Format: Knjiga
Jezik:nepoznati jezik
Izdano: Forlì Zoe 1997
Oznake: Dodaj oznaku
Bez oznaka, Budi prvi tko označuje ovaj zapis!

MARC

LEADER 00000nam a2200000Ia 4500
001 788
003 NUMERAZIONE-ORIGINALE-BRESCIA
005 20260206230754.0
008 260206s9999 xx 000 0 und d
100 |a Indiana Gary 
245 0 |a L'uomo in affitto 
260 |a Forlì 
260 |b Zoe 
260 |c 1997 
942 |2 ddc  |c BK  |n 0 
952 |0 0  |1 0  |2 ddc  |4 0  |6 11  |7 0  |9 28672  |a BS  |b BS  |d 2026-02-06  |i 788  |l 0  |o 1-1-*  |r 2026-02-06 22:40:40  |w 2026-02-06  |x [REVISIONARE]  |y BK 
999 |c 24330  |d 24330